Largest CANZUK Cities - Statistics

General Stats
  • This quiz has been taken 139 times
  • The average score is 19 of 24
Answer Stats
Metro Pop. Answer Country % Correct
14,075,652 London UK
100%
4,446,807 Sydney AU
99%
5,928,040 Toronto CA
98%
2,938,973 Manchester UK
95%
4,323,099 Melbourne AU
94%
2,463,431 Vancouver CA
93%
4,098,927 Montreal CA
92%
2,989,137 Birmingham UK
90%
1,907,849 Perth AU
89%
2,192,704 Brisbane AU
86%
1,655,810 Glasgow UK
86%
1,277,443 Adelaide AU
84%
1,308,831 Auckland NZ
84%
1,323,783 Ottawa CA
84%
1,652,158 Liverpool UK
83%
1,392,609 Calgary CA
80%
2,128,760 Leeds UK
78%
800,296 Quebec City CA
77%
1,321,426 Edmonton CA
76%
1,342,563 Newcastle UK
64%
796,798 Bristol UK
57%
1,492,404 Sheffield UK
57%
1,142,176 Southampton UK
41%
1,352,035 Nottingham UK
36%
No matching quizzes found
Score Distribution
Percent of People with Each Score
Percentile by Number Answered
Your Score History
You have not taken this quiz